[Event "Wch U10 Girls"]
[Site "Batumi"]
[Date "2022.09.24"]
[Round "8"]
[White "Grigalashvili, Mariam"]
[Black "Alessi, Clio"]
[Result "1-0"]
[WhiteElo "1165"]
[BlackElo "1413"]
[PlyCount "103"]
[EventDate "2022.09.16"]
[EventType "swiss"]
[EventRounds "11"]
[EventCountry "GEO"]
[SourceTitle "EXT 2023"]
[Source "ChessBase"]
[SourceDate "2022.10.05"]
[SourceVersion "1"]
[SourceVersionDate "2022.10.05"]
[SourceQuality "1"]

1. d4 d5 2. Nf3 Nf6 3. g3 c5 4. Bg2 Nc6 5. 0-0 Bf5 6. a3 e6 7. dxc5 Bxc5 8. b4 Bb6 9. Bb2 h6 10. Nbd2 0-0 11. c4 dxc4 12. Nxc4 Nd5 13. Nh4 Nde7 14. Nd6 Qc7 15. Ndxf5 exf5 16. Rc1 Rad8 17. Qc2 Qd7 18. Rfd1 Qe6 19. e3 Rxd1+ 20. Rxd1 Rc8 21. Qc3 f6 22. Qe1 g5 23. Ng6 Kg7 24. Nxe7 Qxe7 25. Qe2 Ne5 26. Bxe5 fxe5 27. Qf3 Kg6 28. Qxb7 Rc7 29. Qd5 Kg7 30. h3 Qf6 31. a4 Rf7 32. Qd6 Qxd6 33. Rxd6 Bc7 34. Rc6 Bd8 35. Kf1 e4 36. Ke2 Rb7 37. b5 Rd7 38. g4 Ba5 39. Rc2 Kf6 40. gxf5 Kxf5 41. Rc5+ Kf6 42. Bxe4 Rd2+ 43. Kf3 Ra2 44. Bc2 Bb6 45. Rc4 h5 46. Kg3 Ra1 47. Rc6+ Ke7 48. Rg6 Bc7+ 49. Kg2 Ba5 50. Be4 g4 51. hxg4 hxg4 52. Rxg4 1-0

[Event "Wch U10 Girls"]
[Site "Batumi"]
[Date "2022.09.23"]
[Round "7"]
[White "Kovalenko, Taisiya"]
[Black "Grigalashvili, Mariam"]
[Result "1-0"]
[WhiteElo "1317"]
[BlackElo "1165"]
[PlyCount "123"]
[EventDate "2022.09.16"]
[EventType "swiss"]
[EventRounds "11"]
[EventCountry "GEO"]
[SourceTitle "EXT 2023"]
[Source "ChessBase"]
[SourceDate "2022.10.05"]
[SourceVersion "1"]
[SourceVersionDate "2022.10.05"]
[SourceQuality "1"]

1. e4 e6 2. Nf3 d5 3. Nc3 d4 4. Ne2 c5 5. c3 Nc6 6. cxd4 cxd4 7. Qa4 Bc5 8. b4 Bxb4 9. Nexd4 Be7 10. Nxc6 bxc6 11. Qxc6+ Bd7 12. Qb7 Bc5 13. Qb3 Nf6 14. e5 Nd5 15. a3 Rb8 16. Qc4 Qb6 17. d4 Be7 18. Bd2 0-0 19. Be2 Rfc8 20. Qa2 Ba4 21. Bd1 Bxd1 22. Rxd1 Nc3 23. Bxc3 Rxc3 24. 0-0 Rxa3 25. Qc4 Rb3 26. h3 h6 27. d5 exd5 28. Rxd5 Rb4 29. Qa2 Rb2 30. Qc4 Qb7 31. e6 fxe6 32. Re5 Bf6 33. Rxe6 Qf7 34. Rfe1 Rb1 35. Rxb1 Rxb1+ 36. Kh2 Rb8 37. Qc6 Qb7 38. Re8+ Rxe8 39. Qxb7 Re7 40. Qb3+ Kh7 41. Qd3+ Kg8 42. Qc4+ Kh7 43. Nh4 Bxh4 44. Qxh4 g5 45. Qb4 Rf7 46. Qe4+ Kg7 47. Qe5+ Kh7 48. f3 Kg6 49. g4 Kh7 50. h4 gxh4 51. f4 a5 52. Qxa5 Kg6 53. Qh5+ Kg7 54. f5 Rb7 55. Qg6+ Kf8 56. Qd6+ Kg8 57. Qxh6 Rb2+ 58. Kh3 Rb1 59. f6 Rb7 60. Qg6+ Kf8 61. Qe4 Rf7 62. Qa8# 1-0